000 00904nam a2200325 a 4500
999 _c347
_d347
001 019457727
003 UkOxU
005 20190807085632.0
008 120503s2013 enka 001 0 eng c
015 _aGBB246798
_2bnb
020 _a9780007452675 (hbk.) :
020 _a0007452675 (hbk.) :
035 _a(WlAbNL)vtls006392348
035 _a(Uk)016086019
038 _aUk
040 _aStDuBDS
_beng
_cStDuBDS
_dWlAbNL
_dUkOxU
042 _aukscp
082 0 4 _a576.83 COX
_223
100 1 _aCox, Brian,
_d1968-
_eauthor
245 1 0 _aWonders of life /
_cBrian Cox, Andrew Cohen.
260 _aLondon :
_bCollins,
_c2013.
300 _a288 p. :
_bcol. ill. ;
_c29 cm.
490 _aBBC TV series
500 _aIncludes index.
650 0 _aLife.
650 0 _aEvolution (Biology)
700 1 _aCohen, Andrew
_c(Scientist)
_eauthor
942 _2ddc
_cNFIC